| 000 | 00648nam a22002297a 4500 | ||
|---|---|---|---|
| 942 | _cBK | ||
| 999 |
_c757 _d757 |
||
| 003 | OSt | ||
| 005 | 20250420134823.0 | ||
| 008 | 211115b ||||| |||| 00| 0 eng d | ||
| 020 | _a9780205533169 | ||
| 040 | _cKCST | ||
| 082 |
_a808.042 _bMo Wr |
||
| 100 |
_aMorenberg, Max, _d1940- _95543 |
||
| 245 |
_a The writer's options : _blessons in style and arrangement / _cMax Morenberg; Jeffrey Sommers |
||
| 250 | _a8 | ||
| 260 |
_aNew York: _bLongman, Pearson; _c2008 |
||
| 300 | _a268 p. | ||
| 650 |
_aEnglish language _vEnglish language. _95544 |
||
| 650 |
_aReport writing. _9166 |
||
| 700 |
_aSommers, Jeff _95545 |
||
| 942 | _2ddc | ||